[Event "32.Schlosspark-Open"]
[Site "Wiesbaden-Biebrich"]
[Date "2024.08.22"]
[Round "1.1"]
[White "Carow, Johannes"]
[Black "Wunschik, Joachim"]
[Result "1-0"]
[WhiteElo "2465"]
[BlackElo "1879"]
[PlyCount "85"]
[EventDate "2024.08.22"]
[WhiteTeam "Sfr.Heidesheim"]
[BlackTeam "SV Rüsselsheim 1929"]

1. d4 f5 2. g3 Nf6 3. Bg2 d5 4. Nd2 e6 5. Nh3 Bd6 6. c4 c6 7. Qc2 Nbd7 8. cxd5 cxd5 9. Nf3 Ne4 10. O-O O-O 11. Bf4 Bxf4 12. Nxf4 Qf6 13. Rac1 g5 14. Nd3 g4 15. Nfe5 Nxe5 16. Nxe5 h5 17. Bxe4 dxe4 18. Qd2 b6 19. Qf4 Re8 20. Rc7 Re7 21. Rfc1 Ba6 22. Rxe7 Qxe7 23. Qh6 Rc8 24. Qg6+ Kf8 25. Rxc8+ Bxc8 26. Qxh5 Qc7 27. Qh8+ Ke7 28. Qg7+ Kd6 29. Qxc7+ Kxc7 30. f3 exf3 31. exf3 gxf3 32. Kf2 Bb7 33. Nxf3 Kd6 34. Ke3 Be4 35. Ne5 Bb1 36. a3 a5 37. Nc4+ Kc6 38. h4 a4 39. h5 b5 40. Ne5+ Kd6 41. h6 Ke7 42. Ng6+ Kf7 43. h7 1-0

[Event "32.Schlosspark-Open"]
[Site "Wiesbaden-Biebrich"]
[Date "2024.08.22"]
[Round "1.2"]
[White "Busch, Malte"]
[Black "Milov, Leonid"]
[Result "0-1"]
[WhiteElo "1875"]
[BlackElo "2429"]
[PlyCount "26"]
[EventDate "2024.08.22"]
[WhiteTeam "SC 1979 Hattersheim"]
[BlackTeam "SC Noris-Tarrasch Nürnberg 1873"]

1. Nc3 c5 2. e4 Nc6 3. f4 e6 4. Nf3 a6 5. a4 d5 6. exd5 exd5 7. d3 Nf6 8. Be2 Bd6 9. O-O O-O 10. Nd2 Re8 11. Bf3 Bxf4 12. Nxd5 Nxd5 13. Bxd5 Be3+ 0-1

[Event "32.Schlosspark-Open"]
[Site "Wiesbaden-Biebrich"]
[Date "2024.08.22"]
[Round "1.3"]
[White "Haack, Kevin"]
[Black "Frömbgen, Andreas"]
[Result "1-0"]
[WhiteElo "2306"]
[BlackElo "1874"]
[PlyCount "83"]
[EventDate "2024.08.22"]
[WhiteTeam "SV 1920 Hofheim"]
[BlackTeam "SK Gau-Algesheim"]

1. d4 Nf6 2. c4 g6 3. Nc3 Bg7 4. g3 O-O 5. Bg2 c6 6. e4 d6 7. Nf3 Nbd7 8. O-O e5 9. h3 Qc7 10. Be3 a6 11. Rc1 Rb8 12. Qc2 b6 13. Rfd1 Re8 14. b3 Bb7 15. d5 c5 16. a4 Kh8 17. Qd2 Ng8 18. Rf1 Rf8 19. Ng5 h6 20. Nf3 Kh7 21. Nh2 f6 22. f4 Rbe8 23. f5 g5 24. Bf3 Ne7 25. Kf2 Rh8 26. h4 Kg8 27. Bh5 Rf8 28. Kg2 Qd8 29. Ng4 Nc8 30. Rh1 Qe7 31. Rh3 Na7 32. Rch1 Nc8 33. hxg5 fxg5 34. Bg6 Nf6 35. Nxh6+ Rxh6 36. Rxh6 Bxh6 37. Rxh6 Qg7 38. Bxg5 Ne7 39. Bxf6 Rxf6 40. Rh7 Qf8 41. Qg5 Nxg6 42. Rxb7 1-0

[Event "32.Schlosspark-Open"]
[Site "Wiesbaden-Biebrich"]
[Date "2024.08.22"]
[Round "1.4"]
[White "Launert, Martin"]
[Black "Hagner, Bennet"]
[Result "0-1"]
[WhiteElo "1874"]
[BlackElo "2311"]
[PlyCount "70"]
[EventDate "2024.08.22"]
[WhiteTeam "SF Eltville"]
[BlackTeam "OSG Baden-Baden"]

1. e4 c5 2. Nf3 d6 3. d4 cxd4 4. Nxd4 Nf6 5. Nc3 a6 6. Be3 e5 7. Nb3 Be6 8. a4 Be7 9. Be2 Nc6 10. O-O O-O 11. Bg5 Rc8 12. Bxf6 Bxf6 13. Bg4 Rc7 14. Nd5 Bxd5 15. exd5 Ne7 16. Qd3 Bg5 17. c4 f5 18. Be2 Ng6 19. g3 Kh8 20. Bh5 Qd7 21. Bxg6 hxg6 22. f3 b6 23. Nc1 Rfc8 24. Ne2 Rxc4 25. f4 e4 26. Qb3 Bd8 27. Rfc1 b5 28. axb5 axb5 29. Qd1 Bf6 30. Rxc4 bxc4 31. Nc3 Qb7 32. Qd2 Rb8 33. Qe2 Qxb2 34. Rb1 Qxb1+ 35. Nxb1 Rxb1+ 0-1

[Event "32.Schlosspark-Open"]
[Site "Wiesbaden-Biebrich"]
[Date "2024.08.22"]
[Round "1.5"]
[White "Sydykov, Bayastan"]
[Black "Schellen, Sven"]
[Result "1-0"]
[WhiteElo "2282"]
[BlackElo "1873"]
[PlyCount "59"]
[EventDate "2024.08.22"]
[WhiteTeam "SK 1858 Gießen"]
[BlackTeam "SV Frankfurt Nord 1926"]

1. e4 c6 2. d4 d5 3. Nd2 dxe4 4. Nxe4 Bf5 5. Ng3 Bg6 6. h4 h6 7. Nf3 Nd7 8. h5 Bh7 9. Bd3 Bxd3 10. Qxd3 Qc7 11. Bd2 Ngf6 12. O-O-O O-O-O 13. Rhe1 e6 14. Qe2 Bd6 15. Ne5 Rhf8 16. Kb1 c5 17. c3 Nb6 18. f4 c4 19. Qf3 Nfd7 20. Ne4 f6 21. Ng6 Rfe8 22. f5 exf5 23. Qxf5 Qc6 24. Nxd6+ Qxd6 25. Bf4 Qd5 26. Qg4 Qf7 27. Bd6 Nd5 28. Qf5 Ne3 29. Qa5 Nb6 30. Qc5+ 1-0

[Event "32.Schlosspark-Open"]
[Site "Wiesbaden-Biebrich"]
[Date "2024.08.22"]
[Round "1.6"]
[White "Schmitt, Clemens"]
[Black "Boidman, Yuri"]
[Result "1-0"]
[WhiteElo "1868"]
[BlackElo "2253"]
[PlyCount "91"]
[EventDate "2024.08.22"]
[WhiteTeam "SV Bergwinkel"]
[BlackTeam "SC Heimbach-Weis/Neuwied e.V."]

1. c4 c6 2. d4 d5 3. Nc3 Nf6 4. Nf3 e6 5. e3 Nbd7 6. Qc2 Bd6 7. g4 h6 8. Bd2 O-O 9. g5 hxg5 10. Nxg5 Qe7 11. O-O-O b5 12. c5 Bc7 13. f4 b4 14. Ne2 Ne4 15. Nxe4 b3 16. axb3 dxe4 17. Qxe4 Nf6 18. Qg2 Rb8 19. Rg1 g6 20. Nc3 Rd8 21. Bd3 Kf8 22. Qh3 Ke8 23. Be1 e5 24. Qh8+ Kd7 25. Qh3+ Ke8 26. Qh6 e4 27. Bc4 Bg4 28. Rd2 Kd7 29. Bh4 Bf3 30. Qg5 Ng8 31. Qxe7+ Nxe7 32. Bxf7 Ba5 33. Bc4 Nf5 34. Bxd8 Rxd8 35. Rxg6 Nxe3 36. Rd6+ Kc7 37. Rxd8 Kxd8 38. d5 Nxc4 39. bxc4 Kd7 40. Rf2 Bb4 41. Na4 Bh5 42. Nc3 e3 43. Rf1 cxd5 44. cxd5 Bxc5 45. Re1 Bd6 46. Ne4 1-0

[Event "32.Schlosspark-Open"]
[Site "Wiesbaden-Biebrich"]
[Date "2024.08.22"]
[Round "1.7"]
[White "Lesny, Florian"]
[Black "Hipler, Andreas"]
[Result "1-0"]
[WhiteElo "2227"]
[BlackElo "1862"]
[PlyCount "37"]
[EventDate "2024.08.22"]
[WhiteTeam "SK Bad Homburg 1927"]
[BlackTeam "SK Gau-Algesheim"]

1. e4 c6 2. d4 d5 3. Nd2 dxe4 4. Nxe4 Nd7 5. Bc4 Ngf6 6. Ng5 e6 7. Qe2 Nb6 8. Bb3 Be7 9. N1f3 h6 10. Ne4 O-O 11. Nxf6+ Bxf6 12. O-O Qc7 13. c3 Nd7 14. Re1 b6 15. Ne5 Be7 16. Nxf7 Rxf7 17. Qxe6 Ne5 18. Qxe5 Bd6 19. Qe8+ 1-0

[Event "32.Schlosspark-Open"]
[Site "Wiesbaden-Biebrich"]
[Date "2024.08.22"]
[Round "1.8"]
[White "De Kruif, Kees"]
[Black "Minor, Samuel"]
[Result "0-1"]
[WhiteElo "1859"]
[BlackElo "2204"]
[PlyCount "60"]
[EventDate "2024.08.22"]
[WhiteTeam "Fischer Z"]
[BlackTeam "Wiesbadener SV 1885"]

1. b4 d5 2. Bb2 Nf6 3. e3 Bf5 4. Nf3 e6 5. b5 c5 6. c4 Nbd7 7. d3 Bd6 8. Nbd2 O-O 9. Be2 h6 10. O-O Bh7 11. Qb3 Qe7 12. a4 Rad8 13. Rfe1 Bc7 14. Rad1 Nb6 15. Ba3 Bd6 16. a5 Nbd7 17. Bb2 Bc7 18. Bc3 Rfe8 19. Qa2 Qd6 20. d4 cxd4 21. exd4 Ne4 22. Nxe4 dxe4 23. Ne5 Nxe5 24. dxe5 Qc5 25. Qb2 e3 26. f3 Rd2 27. Bb4 Rxb2 28. Bxc5 Bxa5 29. Rb1 Rxb1 30. Rxb1 Bxb1 0-1

[Event "32.Schlosspark-Open"]
[Site "Wiesbaden-Biebrich"]
[Date "2024.08.22"]
[Round "1.9"]
[White "Ruppert, Wolfgang"]
[Black "Rabiya, Karim"]
[Result "1-0"]
[WhiteElo "2186"]
[BlackElo "1858"]
[PlyCount "51"]
[EventDate "2024.08.22"]
[WhiteTeam "SC Flörsheim 1921"]
[BlackTeam "SK Niederbrechen 1948"]

1. e4 Nf6 2. e5 Nd5 3. d4 d6 4. c4 Nb6 5. exd6 cxd6 6. Nc3 g6 7. h4 Bg7 8. h5 Nc6 9. Be3 e5 10. d5 Ne7 11. h6 Bf6 12. Ne4 Nf5 13. Qf3 Be7 14. g4 Nxe3 15. fxe3 f5 16. gxf5 Bxf5 17. Ng3 O-O 18. Nxf5 Rxf5 19. Qg4 Rc8 20. Nf3 Qf8 21. Nd2 Qf7 22. Qe4 Rf2 23. Bh3 Rxd2 24. Be6 Qxe6 25. dxe6 Rxc4 26. Qf3 1-0

[Event "32.Schlosspark-Open"]
[Site "Wiesbaden-Biebrich"]
[Date "2024.08.22"]
[Round "1.10"]
[White "Shanawaz Thabrez, Shahzaib"]
[Black "Ohler, Julius"]
[Result "1-0"]
[WhiteElo "1857"]
[BlackElo "2182"]
[PlyCount "63"]
[EventDate "2024.08.22"]
[WhiteTeam "SK Langen"]
[BlackTeam "SC Heimbach-Weis/Neuwied e.V."]

1. e4 c6 2. Nf3 d5 3. Nc3 Nf6 4. e5 Ne4 5. d4 Nxc3 6. bxc3 c5 7. Be2 Nc6 8. O-O Bg4 9. Ng5 Bxe2 10. Qxe2 e6 11. Be3 h6 12. Nh3 Qd7 13. Rab1 O-O-O 14. dxc5 Nxe5 15. Nf4 Nc4 16. Nd3 Kb8 17. Nb4 Ka8 18. c6 bxc6 19. Na6 Bd6 20. Bc5 Qe7 21. Bxd6 Qxd6 22. Rfd1 Qe7 23. Qg4 c5 24. Qg3 Rc8 25. Rb3 Rhg8 26. Rdb1 Nb6 27. a4 d4 28. a5 Nd5 29. Qf3 Qd6 30. Qxd5+ Qxd5 31. Rb8+ Rxb8 32. Nc7# 1-0

[Event "32.Schlosspark-Open"]
[Site "Wiesbaden-Biebrich"]
[Date "2024.08.22"]
[Round "1.11"]
[White "Meier, Volker"]
[Black "Meding, Olaf"]
[Result "1-0"]
[WhiteElo "2197"]
[BlackElo "1856"]
[PlyCount "45"]
[EventDate "2024.08.22"]
[WhiteTeam "SK Tarrasch 1945 München"]
[BlackTeam "Sfr.Mainz 1928"]

1. d4 d5 2. c4 c6 3. Nf3 Nf6 4. Nc3 e6 5. e3 Nbd7 6. Qc2 Be7 7. g4 h6 8. Rg1 Qc7 9. h4 dxc4 10. Bxc4 e5 11. g5 hxg5 12. hxg5 Nd5 13. g6 f6 14. Bd2 N7b6 15. Nxd5 cxd5 16. Bb5+ Kd8 17. Qxc7+ Kxc7 18. dxe5 f5 19. Rc1+ Kd8 20. Nd4 Rh5 21. Be2 Rh8 22. Bd3 Nd7 23. Ne6+ 1-0

[Event "32.Schlosspark-Open"]
[Site "Wiesbaden-Biebrich"]
[Date "2024.08.22"]
[Round "1.13"]
[White "Nagel, Bernhard"]
[Black "Bratmann, Marc"]
[Result "1-0"]
[WhiteElo "2193"]
[BlackElo "1853"]
[PlyCount "59"]
[EventDate "2024.08.22"]
[WhiteTeam "Kölner SK Dr. Lasker 186"]
[BlackTeam "Sfr Stiller Zug Wiesbaden"]

1. Nf3 Nf6 2. g3 e6 3. Bg2 d5 4. c4 Be7 5. O-O O-O 6. b3 c5 7. cxd5 exd5 8. d4 b6 9. Bb2 Bb7 10. Ne5 Nc6 11. Nxc6 Bxc6 12. Nd2 Rc8 13. Rc1 Re8 14. Nf3 Ne4 15. dxc5 bxc5 16. Ne5 Bb5 17. Bxe4 dxe4 18. Qc2 Bf6 19. Nc4 Bxb2 20. Qxb2 Qe7 21. Ne3 Qe6 22. Rfd1 Rc6 23. Rd5 Qh3 24. Rg5 Rg6 25. Rcxc5 Bd7 26. Qd4 f6 27. Rh5 Qe6 28. Rhd5 Bc8 29. Rd8 Kf8 30. Rcxc8 1-0

[Event "32.Schlosspark-Open"]
[Site "Wiesbaden-Biebrich"]
[Date "2024.08.22"]
[Round "1.14"]
[White "Kail, Sindy"]
[Black "Khenkin, Igor"]
[Result "0-1"]
[WhiteElo "1879"]
[BlackElo "2505"]
[PlyCount "76"]
[EventDate "2024.08.22"]
[WhiteTeam "SK 1925 Großwallstadt"]
[BlackTeam "Wiesbadener SV 1885"]

1. e4 c6 2. d4 d5 3. Nd2 dxe4 4. Nxe4 Bf5 5. Ng3 Bg6 6. N1e2 Nf6 7. Nf4 Nbd7 8. h4 e5 9. Nxg6 hxg6 10. Be2 exd4 11. Qxd4 Bc5 12. Qf4 Nd5 13. Qe4+ Kf8 14. h5 Qb6 15. hxg6 Bxf2+ 16. Kf1 Rxh1+ 17. Nxh1 N7f6 18. Qf3 Be3 19. b3 Qd4 20. Ba3+ Kg8 21. Rd1 Qh4 22. gxf7+ Kxf7 23. g3 Qh3+ 24. Qg2 Qf5+ 25. Qf3 Qh3+ 26. Qg2 Qf5+ 27. Qf3 Qxc2 28. Rxd5 cxd5 29. Qxe3 Re8 30. Qd3 Qxa2 31. Bb4 Rxe2 32. Qxe2 Qxb3 33. Qe7+ Kg6 34. Bd2 a5 35. Bxa5 Qb5+ 36. Kg2 Qxa5 37. Qxb7 Qd2+ 38. Nf2 Ne4 0-1

[Event "32.Schlosspark-Open"]
[Site "Wiesbaden-Biebrich"]
[Date "2024.08.22"]
[Round "1.15"]
[White "Zeyen, Helmut"]
[Black "Nesar, Abdul Musawer"]
[Result "0-1"]
[WhiteElo "1845"]
[BlackElo "2192"]
[PlyCount "60"]
[EventDate "2024.08.22"]
[WhiteTeam "Wiesbadener SV 1885"]
[BlackTeam "Sfr Stiller Zug Wiesbaden"]

1. e4 c5 2. Nc3 Nc6 3. f4 e6 4. Nf3 d5 5. Bb5 Nge7 6. Ne5 a6 7. Bxc6+ Nxc6 8. Nxc6 bxc6 9. Qf3 Be7 10. e5 c4 11. Ne2 a5 12. O-O g6 13. d3 cxd3 14. cxd3 Ba6 15. Kh1 h5 16. Nd4 Qb6 17. Nc2 h4 18. h3 Kf8 19. b3 Kg7 20. Bb2 c5 21. Rfd1 d4 22. Rab1 Bb7 23. Qe2 g5 24. Qg4 Rag8 25. Na3 Kf8 26. Nc4 Qd8 27. f5 exf5 28. Qxf5 g4 29. Rf1 Qd5 30. Qf2 gxh3 0-1

[Event "32.Schlosspark-Open"]
[Site "Wiesbaden-Biebrich"]
[Date "2024.08.22"]
[Round "1.16"]
[White "Wolf, Ulrich Martin"]
[Black "Bolduan, Michael"]
[Result "1-0"]
[WhiteElo "2189"]
[BlackElo "1845"]
[PlyCount "107"]
[EventDate "2024.08.22"]
[WhiteTeam "SK Bad Homburg 1927"]
[BlackTeam "Sfr Stiller Zug Wiesbaden"]

1. d4 e6 2. c4 f5 3. g3 Nf6 4. Bg2 d5 5. Nf3 c6 6. O-O Bd6 7. b3 Qe7 8. a4 O-O 9. Ba3 Bxa3 10. Nxa3 Nbd7 11. Qd3 Ne4 12. a5 Ndf6 13. Ne5 Bd7 14. Nb1 Be8 15. Rc1 Rc8 16. a6 b6 17. Ra2 c5 18. e3 dxc4 19. bxc4 Rd8 20. Rd1 Qc7 21. f3 Ng5 22. Nc3 cxd4 23. exd4 Nd7 24. f4 Nxe5 25. fxe5 f4 26. Rf2 Bg6 27. Nb5 Bxd3 28. Nxc7 Bxc4 29. gxf4 Rd7 30. fxg5 Rxf2 31. Kxf2 Rxc7 32. Bb7 Kf7 33. Ke3 Bd5 34. Bxd5 exd5 35. Rf1+ Ke6 36. Rf8 Rc3+ 37. Kd2 Ra3 38. Re8+ Kf7 39. Rd8 Ke6 40. Rd6+ Ke7 41. Rxd5 Rxa6 42. Kd3 Ra1 43. Rd6 b5 44. Rc6 Kd7 45. d5 Rd1+ 46. Ke4 Re1+ 47. Kd4 a5 48. e6+ Kd8 49. Kc5 b4 50. Kd6 b3 51. Rb6 Kc8 52. Rxb3 a4 53. Rc3+ Kd8 54. Rc4 1-0

[Event "32.Schlosspark-Open"]
[Site "Wiesbaden-Biebrich"]
[Date "2024.08.22"]
[Round "1.17"]
[White "Mohammadzadeh, Daris"]
[Black "Kersten, Uwe"]
[Result "0-1"]
[WhiteElo "1843"]
[BlackElo "2179"]
[PlyCount "70"]
[EventDate "2024.08.22"]
[WhiteTeam "Vorw.Orient Mainz"]
[BlackTeam "Sfr. Bad Emstal/Wolfhagen"]

1. d4 Nf6 2. c4 c5 3. d5 d6 4. Nc3 g6 5. e4 Bg7 6. Be2 O-O 7. Be3 e6 8. Nf3 exd5 9. cxd5 Na6 10. O-O Re8 11. Nd2 Nc7 12. Qc2 Rb8 13. Nb5 Nxb5 14. Bxb5 Bd7 15. a4 a6 16. Bxd7 Qxd7 17. a5 Qe7 18. Rfe1 Ng4 19. Bf4 Bd4 20. Bg3 Qf6 21. Nc4 Rbd8 22. Ra3 h5 23. h3 Ne5 24. Bxe5 Bxe5 25. Rb3 Rd7 26. Nxe5 Rxe5 27. Rb6 Rde7 28. Qxc5 Rxe4 29. Rxe4 Rxe4 30. Rxd6 Re1+ 31. Kh2 Qf4+ 32. g3 Qf3 33. Rxg6+ fxg6 34. Qc8+ Kh7 35. Qc7+ Kh6 0-1

[Event "32.Schlosspark-Open"]
[Site "Wiesbaden-Biebrich"]
[Date "2024.08.22"]
[Round "1.18"]
[White "Jahnel, Günther"]
[Black "Jansen, Malte"]
[Result "0-1"]
[WhiteElo "2166"]
[BlackElo "1842"]
[Annotator "hansd"]
[PlyCount "60"]
[EventDate "2024.08.22"]
[WhiteTeam "FVS ASP Hoyerswerda"]
[BlackTeam "SJ Herborn 1998"]

1. d4 d5 2. c4 e6 3. Nf3 Nf6 4. Nc3 c6 5. e3 Be7 6. Qc2 Nbd7 7. Bd2 Qc7 8. Rc1 O-O 9. cxd5 exd5 10. Bd3 Re8 11. g4 Bb4 12. h3 Bxc3 13. bxc3 Ne4 14. c4 Ndf6 15. cxd5 Nxd2 16. Qxd2 Nxd5 17. O-O h5 18. Nh2 hxg4 19. hxg4 Qe7 20. e4 Nf6 21. Qf4 Be6 22. Rfe1 Rad8 23. e5 Nd5 24. Qe4 Qh4 25. Bf1 g6 26. Red1 Kg7 27. Rd3 Rh8 28. Rh3 Qg5 29. Rxh8 Rxh8 30. Re1 Nf4 0-1

[Event "32.Schlosspark-Open"]
[Site "Wiesbaden-Biebrich"]
[Date "2024.08.22"]
[Round "1.19"]
[White "Riedel, Thomas"]
[Black "Eull, Emil"]
[Result "0-1"]
[WhiteElo "1838"]
[BlackElo "2151"]
[PlyCount "82"]
[EventDate "2024.08.22"]
[WhiteTeam "Hünfelden"]
[BlackTeam "SF Neuberg"]

1. e4 c6 2. Nf3 d5 3. Nc3 dxe4 4. Nxe4 Nf6 5. Bd3 Nbd7 6. Nxf6+ Nxf6 7. O-O Bg4 8. Re1 e6 9. h3 Bh5 10. Bf1 Be7 11. c3 O-O 12. d4 Qb6 13. g4 Bg6 14. Ne5 Qd8 15. Nxg6 hxg6 16. Qf3 Qd5 17. Qg3 Bd6 18. Bf4 Bxf4 19. Qxf4 Rfd8 20. Re5 Qd6 21. Qf3 Nd7 22. Re3 a5 23. Bd3 Rf8 24. Rae1 Qd5 25. Qe2 Rae8 26. f4 Nf6 27. Re5 Qd8 28. f5 exf5 29. gxf5 Rxe5 30. dxe5 Nh5 31. Qe3 Nf4 32. Qxf4 Qxd3 33. f6 gxf6 34. exf6 Qxh3 35. Re3 Qh5 36. Kg2 Rd8 37. Rf3 Rd1 38. Qb8+ Kh7 39. Qf8 Qg4+ 40. Kf2 Qg1+ 41. Ke2 Qe1# 0-1

[Event "32.Schlosspark-Open"]
[Site "Wiesbaden-Biebrich"]
[Date "2024.08.22"]
[Round "1.20"]
[White "Akhmatovski, Maxim"]
[Black "Michalski, Uwe"]
[Result "1-0"]
[WhiteElo "2078"]
[BlackElo "1826"]
[PlyCount "63"]
[EventDate "2024.08.22"]
[WhiteTeam "SV Oberursel"]
[BlackTeam "Sfr.Mainz 1928"]

1. c4 e5 2. g3 Nf6 3. Bg2 Bc5 4. Nc3 a5 5. Nf3 d6 6. O-O O-O 7. e3 Nc6 8. b3 Bg4 9. h3 Bd7 10. d4 exd4 11. exd4 Ba7 12. Bg5 h6 13. Bh4 g5 14. Nxg5 hxg5 15. Bxg5 Bxd4 16. Nd5 Be6 17. Rc1 Kg7 18. Qd2 Rh8 19. Rfe1 Qd7 20. Qf4 Nh5 21. Qh4 Rag8 22. g4 f6 23. gxh5 fxg5 24. Qg3 Rxh5 25. Nf4 Bxf2+ 26. Kxf2 Rf8 27. Re4 Kh6 28. Bf3 Rxf4 29. Rxf4 Rxh3 30. Rf6+ Kh7 31. Qxg5 Ne5 32. Be4+ 1-0

[Event "32.Schlosspark-Open"]
[Site "Wiesbaden-Biebrich"]
[Date "2024.08.22"]
[Round "1.21"]
[White "Schmidt, Jörg"]
[Black "Burkart, Lloyd Shang"]
[Result "0-1"]
[WhiteElo "1823"]
[BlackElo "2123"]
[PlyCount "85"]
[EventDate "2024.08.22"]
[WhiteTeam "SK Niederbrechen 1948"]
[BlackTeam "SV 1920 Hofheim"]

1. Nf3 Nf6 2. d4 d5 3. c4 e6 4. Nc3 c6 5. e3 Nbd7 6. Bd3 dxc4 7. Bxc4 b5 8. Bd3 Bd6 9. O-O O-O 10. a4 b4 11. Ne4 Nxe4 12. Bxe4 Bb7 13. a5 Rc8 14. Bd2 Nf6 15. Bd3 c5 16. Qe2 cxd4 17. Nxd4 Bc5 18. Ra4 Qd5 19. f3 Rfd8 20. a6 Ba8 21. Bc4 Qd6 22. Nb3 Bd5 23. Rc1 Bxc4 24. Rxc4 Nd5 25. Nxc5 Rxc5 26. Rd4 e5 27. Rd3 Nf4 28. Rxd6 Nxe2+ 29. Kf2 Rxd6 30. Bxb4 Rc2 31. Ke1 Rb6 32. Ba3 h5 33. Kd1 Rcxb2 34. Bxb2 Rxb2 35. Rc4 Ra2 36. Rc7 g6 37. Rxa7 Nc3+ 38. Ke1 Kg7 39. Rc7 Nd5 40. Rd7 Nxe3 41. a7 Nxg2+ 42. Kf1 Nh4 43. f4 0-1

[Event "32.Schlosspark-Open"]
[Site "Wiesbaden-Biebrich"]
[Date "2024.08.22"]
[Round "1.22"]
[White "Kregelin, Jan"]
[Black "Cichon, Jörg"]
[Result "1-0"]
[WhiteElo "2122"]
[BlackElo "1818"]
[PlyCount "55"]
[EventDate "2024.08.22"]
[WhiteTeam "FVS ASP Hoyerswerda"]
[BlackTeam "Sfr.Mainz 1928"]

1. d4 Nf6 2. c4 g6 3. Nc3 d5 4. cxd5 Nxd5 5. e4 Nxc3 6. bxc3 Bg7 7. Nf3 O-O 8. Rb1 c5 9. Qd2 cxd4 10. cxd4 Nc6 11. d5 Ne5 12. Nxe5 Bxe5 13. f4 Bg7 14. Be2 b6 15. O-O Qd6 16. Qe3 Re8 17. Ba3 Qc7 18. Rbc1 Qb7 19. Bf3 Qd7 20. e5 Bb7 21. Rfd1 Rec8 22. e6 Qe8 23. exf7+ Kxf7 24. Qe6+ Kf8 25. d6 Bd4+ 26. Rxd4 Rxc1+ 27. Bxc1 Bxf3 28. d7 1-0

[Event "32.Schlosspark-Open"]
[Site "Wiesbaden-Biebrich"]
[Date "2024.08.22"]
[Round "1.23"]
[White "Brauch, Manfred"]
[Black "Perske, Paul"]
[Result "1/2-1/2"]
[WhiteElo "1816"]
[BlackElo "2110"]
[PlyCount "158"]
[EventDate "2024.08.22"]
[WhiteTeam "SG Pieroth/Burg Layen"]
[BlackTeam "Sfr.Heidesheim"]

1. c4 e6 2. Nf3 Nf6 3. d3 d5 4. Nbd2 Be7 5. b3 O-O 6. Bb2 c5 7. Ne5 Nfd7 8. Ndf3 Nxe5 9. Nxe5 d4 10. g3 Bd6 11. Nf3 Nc6 12. Bg2 e5 13. Nd2 f5 14. Bd5+ Kh8 15. O-O Rf6 16. Bg2 Bd7 17. e4 f4 18. g4 a5 19. a4 Nb4 20. Qe2 Qe7 21. Rac1 Raf8 22. h3 g5 23. f3 h5 24. Ba3 Nc6 25. Kf2 Rh6 26. Rh1 Kg7 27. Rh2 Rfh8 28. Rch1 R8h7 29. Kg1 Qd8 30. Qd1 Ne7 31. Bf1 Ng6 32. Qe2 Nh4 33. Qf2 Qh8 34. Be2 Be7 35. Bd1 Ng6 36. Nf1 Be6 37. Qd2 Qc8 38. Qf2 Nf8 39. Qd2 Nd7 40. Qf2 Kf7 41. Nd2 Qa8 42. Nf1 Nf6 43. Be2 Qc8 44. Qg2 Qd8 45. Bd1 Nd7 46. Nd2 Nf8 47. Nf1 Ng6 48. Qd2 Nh4 49. Qf2 Bd7 50. Nd2 Qh8 51. Nf1 Ng6 52. Be2 hxg4 53. hxg4 Rh4 54. Qg2 R7h6 55. Bc1 Ke6 56. Bd2 Bd8 57. Be1 Rxh2 58. Rxh2 Ne7 59. Qh1 Rxh2 60. Qxh2 Qxh2+ 61. Nxh2 Nc6 62. Bd2 Kd6 63. Kf1 Nb4 64. Ke1 Nc2+ 65. Kf1 Kc6 66. Kf2 Kb6 67. Nf1 Ka6 68. Bc1 Be7 69. Nd2 Nb4 70. Nb1 Nc6 71. Na3 Na7 72. Bd1 Nc8 73. Ke2 Bd6 74. Bd2 Ne7 75. Kf2 Ng6 76. Be1 Ne7 77. Bd2 Nc6 78. Ke2 Nb4 79. Be1 Kb6 1/2-1/2

[Event "32.Schlosspark-Open"]
[Site "Wiesbaden-Biebrich"]
[Date "2024.08.22"]
[Round "1.24"]
[White "Pohle, Dirk"]
[Black "Nischke, Klaus-Peter"]
[Result "1-0"]
[WhiteElo "2108"]
[BlackElo "1813"]
[PlyCount "87"]
[EventDate "2024.08.22"]
[WhiteTeam "Langenfelder SF 1933"]
[BlackTeam "Sfr.Heimersheim"]

1. e4 c5 2. Nc3 Nc6 3. f4 e6 4. Nf3 Be7 5. d4 cxd4 6. Nxd4 Bh4+ 7. g3 Bf6 8. e5 Be7 9. Ndb5 a6 10. Nd6+ Bxd6 11. Qxd6 Nge7 12. Bd3 b5 13. Be4 Qb6 14. Qd3 Nb4 15. Qf3 Ned5 16. Ne2 Bb7 17. Rf1 Rc8 18. c3 Nc2+ 19. Bxc2 Nb4 20. Be4 Nc2+ 21. Kd1 Bxe4 22. Qxe4 Nxa1 23. Be3 Qc6 24. Qxc6 dxc6 25. Bc5 Rd8+ 26. Bd6 a5 27. Kd2 f6 28. Rxa1 fxe5 29. fxe5 Rf8 30. Ke3 Rf7 31. Nd4 Kd7 32. a4 b4 33. cxb4 axb4 34. a5 Rc8 35. Nb3 Ke8 36. Nc5 Ra7 37. Rf1 Rf7 38. Rxf7 Kxf7 39. a6 Ra8 40. Kd4 Kg6 41. Ke4 Kh5 42. h3 g5 43. Bc7 g4 44. h4 1-0

[Event "32.Schlosspark-Open"]
[Site "Wiesbaden-Biebrich"]
[Date "2024.08.22"]
[Round "1.25"]
[White "Feick, Claas Marten"]
[Black "Metzdorf, Matteo"]
[Result "0-1"]
[WhiteElo "1811"]
[BlackElo "2098"]
[PlyCount "64"]
[EventDate "2024.08.22"]
[WhiteTeam "SF Neuberg"]
[BlackTeam "TSV Schott Mainz"]

1. e4 c5 2. Nf3 e6 3. d4 cxd4 4. Nxd4 a6 5. Bd3 Bc5 6. Nb3 Ba7 7. Nc3 Nc6 8. O-O Nf6 9. Bg5 d6 10. Qe2 h6 11. Bh4 Ne5 12. Rad1 O-O 13. Kh1 Ng6 14. Bg3 e5 15. Nd5 Nxd5 16. exd5 f5 17. f3 Qg5 18. Nd2 h5 19. Nc4 e4 20. fxe4 f4 21. Qd2 b5 22. Nxd6 Be3 23. Qe2 Bg4 24. Qe1 Bxd1 25. Qc3 fxg3 26. Rxf8+ Rxf8 27. hxg3 Qe5 28. Nf5 Qxc3 29. bxc3 Bc5 30. c4 b4 31. d6 Ne5 32. d7 Nxd7 0-1

[Event "32.Schlosspark-Open"]
[Site "Wiesbaden-Biebrich"]
[Date "2024.08.22"]
[Round "1.26"]
[White "Gundlach, Michael"]
[Black "Faßler, Felix"]
[Result "1/2-1/2"]
[WhiteElo "2100"]
[BlackElo "1808"]
[PlyCount "40"]
[EventDate "2024.08.22"]
[WhiteTeam "Sfr.Mainz 1928"]
[BlackTeam "SC Fulda"]

1. c4 e6 2. g3 d5 3. Nf3 Nf6 4. Bg2 dxc4 5. O-O a6 6. Nc3 b5 7. Ne5 c6 8. Nxc6 Qc7 9. Ne5 Bb7 10. Bxb7 Qxb7 11. d3 cxd3 12. Qxd3 Be7 13. Bg5 O-O 14. Rfd1 h6 15. Bxf6 Bxf6 16. Ng4 Bxc3 17. Qxc3 Nc6 18. Rac1 Rac8 19. Qf3 Na5 20. Qxb7 Nxb7 1/2-1/2

[Event "32.Schlosspark-Open"]
[Site "Wiesbaden-Biebrich"]
[Date "2024.08.22"]
[Round "1.27"]
[White "van Bömmel, Philipp"]
[Black "Musiienko, Tymur"]
[Result "0-1"]
[WhiteElo "1800"]
[BlackElo "2093"]
[PlyCount "74"]
[EventDate "2024.08.22"]
[WhiteTeam "SC 1979 Hattersheim"]
[BlackTeam "Wiesbadener SV 1885"]

1. Nf3 Nf6 2. g3 d5 3. Bg2 c6 4. O-O Bf5 5. d3 h6 6. Nbd2 e6 7. b3 a5 8. Bb2 Be7 9. Re1 O-O 10. e4 Bh7 11. Qe2 a4 12. e5 Ne8 13. Nf1 Nc7 14. h4 c5 15. N1h2 Nc6 16. Ng4 Bf5 17. Ne3 Bg6 18. Ng4 Nb5 19. Rad1 axb3 20. axb3 Ra2 21. Rb1 Qc7 22. Qe3 Kh7 23. Nf6+ Kh8 24. h5 Bh7 25. Nh4 d4 26. Qd2 gxf6 27. Qxh6 Rg8 28. exf6 Bf8 29. Qd2 Ne5 30. Qe2 Ng4 31. Ng6+ fxg6 32. Qxg4 Qf7 33. hxg6 Rxg6 34. Qh4 Qxf6 35. Qxf6+ Rxf6 36. Bxb7 Nc3 37. Bxc3 dxc3 0-1

[Event "32.Schlosspark-Open"]
[Site "Wiesbaden-Biebrich"]
[Date "2024.08.22"]
[Round "1.28"]
[White "Windelband, Jens"]
[Black "Gärtner, Johannes"]
[Result "1-0"]
[WhiteElo "2074"]
[BlackElo "1798"]
[PlyCount "75"]
[EventDate "2024.08.22"]
[WhiteTeam "SG Aufbau Elbe Magdeburg"]
[BlackTeam "Sfr.Mainz 1928"]

1. e4 e6 2. d4 d5 3. e5 c5 4. c3 Nc6 5. Nf3 Qb6 6. a3 c4 7. g3 Na5 8. Nbd2 Bd7 9. Bh3 Ne7 10. O-O Qc7 11. Nh4 Nc8 12. f4 g6 13. Ng2 h5 14. Ne3 Nb6 15. Nf3 O-O-O 16. Bg2 Ba4 17. Qe2 Kb8 18. h3 Bh6 19. Ne1 Nc8 20. g4 hxg4 21. hxg4 Ne7 22. Rb1 Nb3 23. Rf2 Rdg8 24. Nf1 Qd8 25. Be3 Qf8 26. Nf3 Qe8 27. Ng3 Qf8 28. Nh2 Rh7 29. Nhf1 Rhh8 30. Re1 Bd7 31. Qf3 a6 32. Nd2 Ba4 33. Nxc4 Bc6 34. Nd6 f5 35. exf6 Qxf6 36. g5 Qf8 37. gxh6 Qd8 38. Nf7 1-0